000 01133nam a2200349 a 4500
001 000004532
003 DO-SdBNP
005 20260213105849.0
007 ta
008 090723s2007 dr 001 0 spa d
020 _a8495193205
040 _aDO-SdBNP
_bspa
_cBNPHU
082 2 _24
_a659.1
_bL961p
100 1 _aLuna, Nuris
_913235
245 1 0 _aPublicidad /
_cNuris Luna.
260 _aSanto Domingo :
_bUAPA,
_c2007
300 _a547 P. ;
_c28 cm.
490 _aAutoaprendizaje
504 _aIncluye referencias bibliográficas y notas al pie de las páginas.
504 _aBibliografía: p. 525-526
590 _aInventariado, 2018/ YL
650 0 _aPublisidad
_913236
650 4 _aPublicidad al aire libre
_913237
650 4 _aPublicidad por televisión
_913238
650 4 _aPublicidad por radio
_913239
650 0 _aMercadotecnia
_96644
650 4 _aConsumidores
_xEstudio de casos
_913240
710 2 _aUniversidad Abierta para Adultos (Santiago de los Caballeros, Republica Dominicana)
_971401
830 0 _aAutoaprendizaje
_91208
910 _aValidado. Control de calidad MMOLINA
942 _2ddc
_cLBS1
999 _c4341
_d4341